El carácter y opinión en los Estados Unidos
Guardat en:
| Autor principal: | |
|---|---|
| Format: | Llibre |
| Idioma: | espanyol |
| Publicat: |
Buenos Aires
Hobbs-Sudamericana
1971
|
| Col·lecció: | Hombre y Sociedad
|
| Matèries: | |
| Etiquetes: |
Afegir etiqueta
Sense etiquetes, Sigues el primer a etiquetar aquest registre!
|
MARC
| LEADER | 00000cam a2200000 a 4500 | ||
|---|---|---|---|
| 001 | UCO8193 | ||
| 003 | CL-VaPUC | ||
| 005 | 20211109074603.0 | ||
| 008 | 001201e19710000AG |||||||||||||||||spa|d | ||
| 999 | |c 292920 |d 292918 | ||
| 040 | |c Pontificia Universidad Católica de Valparaíso | ||
| 082 | 0 | 4 | |a 973.01 |b SAN |2 21 |
| 100 | 0 | |a Santayana, George |e author |9 347710 | |
| 245 | 1 | 3 | |a El carácter y opinión en los Estados Unidos |
| 260 | |a Buenos Aires |b Hobbs-Sudamericana |c 1971 | ||
| 300 | |a 166 p | ||
| 490 | 0 | |a Hombre y Sociedad | |
| 500 | |a Donación del profesor Manfred Wilhelmy von Wolff | ||
| 583 | |a last modification |c 20160616 01:28:21 |k Rodrigo Vera | ||
| 600 | 0 | 7 | |a ROYCE, JOSIAH |2 CL-VaPUC |9 453011 |
| 600 | 0 | |a James, William |d 1842-1910 |9 857870 | |
| 650 | 7 | |a CARACTER NACIONAL |2 CL-VaPUC |9 338170 | |
| 650 | 0 | |a Opinión pública |9 255512 | |
| 651 | 0 | |a Estados Unidos |9 255178 | |
| 852 | |a BIBCUR | ||
| 942 | |c BK |2 ddc | ||
| 945 | |d 20001201 00:00:00 |a crobeson | ||
| 952 | |0 0 |1 0 |4 0 |6 973_010000000000000_SAN_1971 |7 0 |8 A |9 344000 |a BIBHIS |b BIBHIS |d 2019-11-20 |i 1230859 |o 973.01 SAN 1971 |p 1230859 |r 2025-01-20 |w 2019-11-20 |y BK |k HIS | ||
| 952 | |0 0 |1 0 |3 erb |4 0 |6 973_010000000000000_SAN_1971 |7 0 |8 A |9 344001 |a FDOHBE |b FDOHBE |e Huesbe Llanos, Marco Antonio, 1934- |i 5310555 |o 973.01 SAN 1971 |p 5310555 |r 2024-01-30 |w 2019-11-20 |y BK |z Catalogado en:20160616 |k HBE | ||